000 00712nam a2200205Ia 4500
003 GCL
008 140319s9999 xx 000 0 ara d
040 _aGCL /
_cGCL
082 0 4 _a811.5
_bم ش
100 1 _aابوالعلاء المعرى
245 1 0 _aشرح ديوان ابى الطيب المتنبئ لابى العلاءالمعرى(449-363 )معجز احمد /
_cابوالعلاء المعرى
700 1 _aعبدالمجيد دياب
260 _a[S.N] :
_bدار المعارف ،
_c1992
300 _a539 ص
490 _aذخائر التراث العربى
_v0
650 0 4 _aالشعر العربى
650 0 4 _aشعر المتنبى
650 0 4 _aتاريخ ونقد
942 _2ddc
_cBK
999 _c31221
_d31221